Reckless Abandon - Blink-182 Lyrics Quiz - Statistics

General Stats
  • This quiz has been taken 54 times
  • The average score is 103 of 297
Answer Stats
Lyrics % Correct
abandon
100%
and
100%
On
100%
on
100%
reckless
100%
something's
97%
wrong
97%
this
94%
gonna
91%
is
91%
them
85%
hold
82%
nothing
82%
on
82%
shock
82%
to
82%
to
82%
this
76%
on
73%
song
73%
to
73%
you
73%
lead
70%
use
70%
a
67%
get
67%
I
67%
if
67%
I'll
67%
laid
67%
lot
67%
not
67%
sure
67%
today
67%
we'll
67%
learned
64%
not
61%
sure
61%
and
58%
class
58%
every
58%
fail
58%
girl
58%
if
58%
I'll
58%
in
58%
or
58%
pass
58%
and
55%
kissed
55%
on
55%
a
52%
abandon
52%
all
52%
and
52%
bad
52%
call
52%
could
52%
everybody
52%
extra
52%
fucked
52%
gonna
52%
hold
52%
is
52%
it
52%
large
52%
left
52%
more
52%
news
52%
nothing
52%
on
52%
on
52%
on
52%
reckless
52%
shock
52%
size
52%
something's
52%
song
52%
summer
52%
that
52%
them
52%
they
52%
this
52%
this
52%
to
52%
to
52%
to
52%
truth
52%
up
52%
waste
52%
with
52%
would
52%
wrong
52%
you
52%
a
48%
all
48%
break
48%
done
48%
fun
48%
have
48%
it's
48%
lead
48%
scar
48%
the
48%
to
48%
use
48%
we
48%
a
45%
full
45%
memory
45%
of
45%
we'll
45%
when
45%
that's
42%
a
30%
a
30%
alcohol
30%
and
30%
and
30%
are
30%
bathroom
30%
eyes
30%
fed
30%
got
30%
he
30%
high
30%
in
30%
movements
30%
my
30%
red
30%
shit
30%
slow
30%
the
30%
the
30%
the
30%
too
30%
took
30%
vertigo
30%
a
27%
a
27%
abandon
27%
and
27%
and
27%
bad
27%
bathroom
27%
chick
27%
extra
27%
fucked
27%
gonna
27%
he
27%
hold
27%
in
27%
is
27%
large
27%
lead
27%
left
27%
lot
27%
more
27%
news
27%
nothing
27%
of
27%
on
27%
on
27%
on
27%
on
27%
parking
27%
reckless
27%
scar
27%
shock
27%
size
27%
something's
27%
song
27%
the
27%
them
27%
this
27%
this
27%
to
27%
to
27%
to
27%
truth
27%
tub
27%
use
27%
we
27%
we'll
27%
with
27%
wrong
27%
you
27%
a
24%
break
24%
caught
24%
drink
24%
end
24%
get
24%
hard
24%
in
24%
kneeling
24%
not
24%
stalls
24%
to
24%
up
24%
break
21%
brownie
21%
drugs
21%
sip
21%
tried
21%
a
18%
a
18%
and
18%
bust
18%
window
18%
dogs
15%
fun
15%
making
15%
of
15%
the
15%
wall
15%
your
15%
abandon
12%
all
12%
and
12%
charge
12%
friend's
12%
house
12%
it
12%
loud
12%
mom
12%
music
12%
on
12%
on
12%
pizza
12%
reckless
12%
something's
12%
the
12%
the
12%
the
12%
to
12%
too
12%
turn
12%
up
12%
waste
12%
way
12%
a
9%
a
9%
all
9%
call
9%
could
9%
done
9%
everybody
9%
fucked
9%
full
9%
fun
9%
gonna
9%
have
9%
is
9%
it's
9%
of
9%
summer
9%
that
9%
they
9%
this
9%
to
9%
up
9%
when
9%
would
9%
wrong
9%
a
6%
and
6%
bad
6%
break
6%
extra
6%
hold
6%
large
6%
lead
6%
left
6%
memory
6%
more
6%
news
6%
nothing
6%
on
6%
on
6%
scar
6%
shock
6%
size
6%
song
6%
thats
6%
the
6%
them
6%
this
6%
to
6%
to
6%
to
6%
truth
6%
use
6%
we
6%
we'll
6%
with
6%
you
6%
No matching quizzes found
Score Distribution
Percent of People with Each Score
Percentile by Number Answered
Your Score History
You have not taken this quiz